000 00604nam a2200157 i 4500
001 77371
003 ES-MaACL
007 t|
008 041008s1902 gw ||||1| spa d
100 1 _aHaebler, Konrad.
_9187917
245 1 0 _aTipografía ibérica del siglo XV
_b: reproducción en facsímil de todos los carateres tipográficos empleados en España y Portugal hasta el año 1.500 /
_ccon notas críticas y biográficas por Conrado Haebler.
260 _aLa Haya ;
_aLeipzig :
_bKarl W. Hiersemmenn,
_c1902.
300 _a91 p., 87 lám. ;
_c37 cm.
852 _aES-MaACL
_jB-5529
999 _c77371
_d77371